000 00737nam a2200277Ia 4500
003 OSt
005 20221006152022.0
006 a|||||r|||| 00| 0
007 ta
008 221006b |||||||| |||| 00| 0 jpn d
020 _c¥6800
024 _a24,236
037 _bGift, Japan Foundation
_cTextual
040 _aEASL
_cEASL
_bjpn
041 _2jpn
_ajpn
082 _aW4.42, P2
100 _aSONOBE Itsuo
_9660573
245 0 _aKositsu hogairon
260 _aTokyo
_bDaiichi Hoki Shuppan Japan
_c2002
300 _a646p.
_ccm.
490 _v JL
650 _a JL
650 _aEmperor and Family
_9660574
942 _hW4.42, P2
_cTEXL
_2CC
999 _c1092322
_d1092322